Pokladničné systémy prechádzajú revolučným vývojom

Neustály vývoj pokladničných systémov - zdokonaľujú sa najmä z hľadiska rýchlosti, bezpečnosti, diskrétnosti, ale aj škály ponúkaných doplnkových služieb. Najaktuálnejšie trendy v tomto smere.

Guardado en:
Detalles Bibliográficos
Autor principal: Palfiová, Anna
Formato: Capítulo de libro
Lenguaje:eslovaco
Materias:
Etiquetas: Agregar Etiqueta
Sin Etiquetas, Sea el primero en etiquetar este registro!

MARC

LEADER 00000naa a2200000 4500
001 0166646
005 20231208065918.6
041 0 |a slo 
044 |a SK 
245 1 0 |a Pokladničné systémy prechádzajú revolučným vývojom  |c Anna Palfiová 
520 |a Neustály vývoj pokladničných systémov - zdokonaľujú sa najmä z hľadiska rýchlosti, bezpečnosti, diskrétnosti, ale aj škály ponúkaných doplnkových služieb. Najaktuálnejšie trendy v tomto smere. 
610 2 0 |a pokladnice registračné 
610 2 0 |a nákup 
610 2 0 |a technika obchodná 
100 1 |a Palfiová, Anna